000 00523nam a2200169Ia 4500
008 090201s9999 xx 000 0 und d
010 _aKPL-74369
040 _bइंग्रजी
041 _aइंग्रजी
082 _a55597
_b74369
100 _aw.turner ेेेेेेेेेेेेेshakespeare/
245 _amacbeth
_cw.turner ेेेेेेेेेेेेेshakespeare/
260 _c1998
_bs.chand & co
300 _a253
_bमध्यम
600 _amacbeth
942 _cBOOK
999 _c251852
_d251852